The Arab Spring - Statistics

General Stats
  • This quiz has been taken 80 times
  • The average score is 9 of 14
Answer Stats
Hint Answer % Correct
The country in which the above took place. It was the only country to successfully establish a democratic government following the protests. Tunisia
93%
This country on the Arabian peninsula is thrown into a civil war as a result ofArab Spring protests. Yemen
87%
This Iraqi-based "caliphate" controls several Syrian regions during the war. ISIS
84%
This Libyan president is captured by rebels and executed. Muammar Gaddafi
84%
This Syrian president cracks down upon protesters throughout the country throwing it into a brutal civil war. Bashar al-Assad
74%
This international organization sends in missiles to assist Libyan rebel groups. NATO
70%
This country brutally crushes protests with the help of the Saudis and Emiratis. Bahrain
69%
The population of this Syrian city drops from over 3 million to around 600,000. Aleppo
67%
This autonomous region uses the war to take control of much the of northern region of Syria. Kurdistan
67%
In Libya, rebels set up this city as their base of operations, the country's second largest city. Benghazi
57%
This Egyptian president steps down as a result of these protests. Hosni Mubarak
56%
In the above, this Shia rebel group takes control of much of the country. Houthi
47%
Protests in Egypt soon follow and masses famously gathered in this square. {Tahrir} Square
46%
The Arab Spring protests begin when this man sets himself on fire to protest corruption and injustice. Mohamed Bouazizi
20%
No matching quizzes found
Score Distribution
Percent of People with Each Score
Percentile by Number Answered
Your Score History
You have not taken this quiz